Desarrolo del CPU para el proyecto papiGB por medio de flujos de micro-instrucciones
Furkejuvvon:
| Váldodahkki: | |
|---|---|
| Eará dahkkit: | |
| Materiálatiipa: | Girji |
| Giella: | Spanish |
| Almmustuhtton: |
[San José ], Costa Rica
2016
|
| Fáttát: | |
| Fáddágilkorat: |
Lasit fáddágilkoriid
Eai fáddágilkorat, Lasit vuosttaš fáddágilkora!
|
MARC
| LEADER | 00000nam a22000007a 4500 | ||
|---|---|---|---|
| 003 | 012689 | ||
| 005 | 20231129104545.0 | ||
| 008 | 171004b2016 cr a|||| m||| 00| ||spa d | ||
| 040 | |c cru CEDI | ||
| 090 | |a TFG 7840 | ||
| 100 | |a Pacheco Brito, Javier, 1992- |9 1917 | ||
| 245 | |a Desarrolo del CPU para el proyecto papiGB por medio de flujos de micro-instrucciones | ||
| 260 | |a [San José ], Costa Rica |c 2016 | ||
| 300 | |a xi, 30 hojas; ilustraciones | ||
| 500 | |a "IE-0499 Proyecto eléctrico”, Proyecto de graduación (bachillerato en ingeniería eléctrica)--Universidad de Costa Rica. Facultad de Ingeniería. Escuela de Ingeniería Eléctrica | ||
| 501 | |a Profesor Guía de IE-0499 Proyecto Eléctrico: M.Sc. Diego Valverde Garro | ||
| 650 | |x MICROPROCESADORES |x SEMICONDUCTORES |x JUEGOS ELECTRONICOS |x SISTEMAS ELECTRONICOS |9 10038 | ||
| 700 | |a Diego Valverde Garro, 1979- |d Director de Proyecto Eléctrico |9 1185 | ||
| 942 | |c TFG |h TFG 7840 |i 012689 |6 TFG_7840_012689000000000 | ||
| 999 | |c 19072 |d 19072 | ||
